000 00449nam a22001817a 4500
005 20180205165258.0
008 160428b xxu||||| |||| 00| 0 eng d
020 _a84-7808497-X
041 _aeng
082 _b00692
_a005.1
100 _aSommer ville, Ian
_94088
245 _aSoftware Engineering
250 _a6th ed.
260 _aNew Delhi
_bPearson Education,
_c2002
300 _a693
650 _aInformation Technology
_9137
942 _cBK
999 _c201
_d201